| 000 | 01152nas a2200349 4500 | ||
|---|---|---|---|
| 001 | BR2014003803 | ||
| 003 | BR-BrBNA | ||
| 005 | 20231205124134.0 | ||
| 007 | ta | ||
| 008 | 230509b bl.|||p| |||| 00| 00por d | ||
| 040 |
_aBR-BrBNA _bpor _cBiblioteca Nacional de Agricultura |
||
| 041 | _a(Pt) | ||
| 072 | _aL02; L01 | ||
| 100 | 1 | _aSantana, D.F.Y | |
| 100 | 1 | _aLira, M. de A. | |
| 100 | 1 | _aSantos, M.V.F. dos | |
| 100 | 1 | _aFerreira, M. de A. | |
| 100 | 1 | _aSantos, D.C. dos | |
| 100 | 1 | _aMello, A.C.L. de | |
| 100 | 1 | _aDubeux Júnior, J.C.B. | |
| 100 | 1 | _aAraujo, G.G.L. de | |
| 245 | 1 | _aConsumo de matéria seca e desempenho de novilhas das raças Girolando e Guzerá sob suplementação na caatinga, na época chuvosa em Pernambuco, Brasil | |
| 650 | _aGADO GUZERÁ | ||
| 650 | _aSUPLEMENTO ALIMENTAR | ||
| 650 | _aTORTA | ||
| 650 | _aALGODÃO | ||
| 650 | _aGANHO DE PESO | ||
| 773 | 0 |
_tRevista Brasileira de Zootecnia (Brazil) _xISSN 1806-9290 _g(Oct 2010), v. 39(10) p. 2148-2154 _wBR2014003803 |
|
| 856 | 4 | 0 | _uhttp://www.scielo.br/pdf/rbz/v39n10/07.pdf |
| 909 |
_a202311 _bLúcia _c55 _dLúcia Elande |
||
| 942 |
_2AGRIS _n0 _cANA |
||
| 999 |
_c237495 _d237495 |
||